| 000 | 00476nam a2200169Ia 4500 | ||
|---|---|---|---|
| 003 | GCL | ||
| 008 | 140319s9999 xx 000 0 eng d | ||
| 040 |
_aGCL / _cGCL |
||
| 082 | 0 | 4 |
_a580.74440 _bD K |
| 100 | 1 | _aDESMOND, RAY | |
| 245 | 1 | 0 |
_a"KEW; THE HISTORY OF ROYAL BOTAIC GARDENS" / _cDESMOND, RAY |
| 260 |
_a[S.N] : _bHAVRILL PRESS ، _c1995 |
||
| 650 | 0 | 4 | _aBOTANICAL CHEMISTRY |
| 650 | 0 | 4 | _aBOTANICAL GARDENS |
| 650 | 0 | 4 | _aBOTANICAL GARDENS - ENGLAND |
| 942 |
_2ddc _cBK |
||
| 999 |
_c14110 _d14110 |
||